Word Ladder: Classic Soda Quiz Stats

 Plays Quiz Updated Oct 25, 2012

Support Sporcle.
Go Orange.
Score 0/15 Timer 01:30
0 Plays Today
Clue 4-Letter Word % Correct
3. What a flag goes onPOLE
95.6%
5. Not a womanMALE
90.9%
6. A stallion's mateMARE
88.3%
7. NakedBARE
87.8%
1. Another word for soda, regionally★ COKE ★
87%
2. Prod annoyinglyPOKE
86.2%
4. A spyMOLE
84%
8. It's attached to wire on some fencesBARB
78.3%
Clue 4-Letter Word % Correct
10. Border between the road and the sidewalkCURB
71.8%
15. A specific style of soda★ COLA ★
69.2%
9. Area between the city and the farmland (abbr.)BURB
68.3%
13. Blue Öyster ____CULT
65.7%
14. [Rung 6]'s sonCOLT
63.7%
11. Spiral lockCURL
47.8%
12. Selective slaughterCULL
44.8%

Today's Daily Dose

You're not logged in!

Compare scores with friends on all Sporcle quizzes.
OR
Log In

From the Vault

European Mix-Up

by starwars314159

Who went and put all of Europe's capitals in a blender? That's just rude.
Remove Ads.
Support Sporcle.
Get the best of Sporcle when you Go Orange. This ad-free experience offers more features, more stats, and more fun while also helping to support Sporcle. Thank you for becoming a member.

Show Comments

Extras

Top Quizzes Today


Score Distribution

Your Account Isn't Verified!

In order to create a playlist on Sporcle, you need to verify the email address you used during registration. Go to your Sporcle Settings to finish the process.

Report this User

Report this user for behavior that violates our Community Guidelines.

Details: